Quiz o hitach polskiego internetu - Statystyki

Ogólne statystyki
  • Ten quiz został rozwiązany 53 razy
    12 od ostatniego zresetowania
  • Średni wynik to 7 z 15
Statystyki odpowiedzi
Pytanie Odpowiedź % Poprawnych
Od czego był kabel po którym wspinał się kultowy "Hardkor"? Internet
100%
Dźwięk jakiego dinozaura wydał pewien uczeń w filmie z 2008 roku? Pterodaktyl
100%
Z jakiego miasta pochodzi "chytra baba" która zabrała wszystkie napoje ze stołu wigilijnego? Radom
80%
Kogo szukał Marcin Najman pod stadionem Rakowa Częstochowy? Stanowski
70%
Jaką potrawą bohater kultowego filmu z Mielna z 2011 roku chwalił się Krzysiowi? Zupa
70%
Jaka była broń głównego bohatera filmu "Próbuję wytłumaczyć kolegom ku*wa z Mołdawii"? Akumulator na kablu
60%
Jakiego modelu Hondy był samochód z filmu z 2013 roku pochodzącego z Szydłowca? Civic
60%
W jaką grę miał grać mieszkaniec Gliwic w sylwestra 2011 roku gdy został zapytany przez reportera co będzie robić w sylwestra? Tomb Raider
50%
W jakiej wsi był pożar słynnej styrty? Lipinki Łużyckie
40%
O jaką część czołgu był wkurzony Andrzej z filmu z 2010 roku? Błotnik
30%
Jakie słowa zostały wypowiedziane przez kamerzystę Pawła Jumpera przed wykonaniem decydującego skoku na rowerze? To już się Kameruje!
30%
O brak czego był wkurzony mieszkaniec Warszawy w filmie z 2014 roku? Flaga
10%
Jaki film zasłynął z Stacha Jones'a który zasłynął z takich cytatów jak "O nie...jesteśmy zgubieni"? Magnaci i Czarodzieje
10%
W jakim państwie śródziemnomorskim Mariusz Pudzianowski wypowiedział słynne słowa "POLSKA GUROM!"? Malta
0%
Jakiej marki był samochód który wykonał skok z ronda w Rąbieniu? Suzuki
0%
Nie znaleziono quizów pasujących do podanych kryteriów
Rozkład punktacji
Procent ludzi z każdym wynikiem
Percentyl według liczby udzielonych odpowiedzi
Twoja historia wyników
Nie rozwiązałeś tego quizu od ostatniego zresetowania